000 00296nam a2200133Ia 4500
005 20251222141842.0
008 251222s9999||||xx |||||||||||||| ||spa||
082 _a428/P26
100 _aPario, M.
245 0 _aBusiness Contacts
250 _a5a ed.
264 _bGhisetti e Corvi
942 _cLIB
999 _c7458
_d7458